[Event "chess.com SpeedChess Q1KO"]
[Site "chess.com INT"]
[Date "2022.11.11"]
[Round "2.5"]
[White "Sarana, Alexey"]
[Black "Paravyan, David"]
[Result "1-0"]
[WhiteTitle "GM"]
[BlackTitle "GM"]
[WhiteElo "2668"]
[BlackElo "2586"]
[WhiteFideId "24133795"]
[BlackFideId "4194985"]
[EventDate "2022.11.11"]

1. d4 Nf6 2. c4 g6 3. Nc3 d5 4. Nf3 Bg7 5. h4 c6 6. cxd5 cxd5 7. Bf4 Nc6 8. e3
O-O 9. Be2 Bg4 10. Qb3 Na5 11. Qb4 Ne4 12. O-O Nxc3 13. Qxc3 Rc8 14. Qb4 b6 15.
Rac1 Qd7 16. Ba6 Rxc1 17. Rxc1 Bxf3 18. gxf3 Bf6 19. Bg3 Nc4 20. Bxc4 dxc4 21.
Qxc4 Qh3 22. Qf1 Qf5 23. Kg2 h5 24. e4 Qa5 25. Qc4 b5 26. Qd5 Rd8 27. Qb7 Bxd4
28. Qxe7 Bb6 29. Rc6 Qd2 30. Qf6 Qd4 31. Qg5 Re8 32. Rxg6+ fxg6 33. Qxg6+ Kf8
34. Qf5+ Kg8 35. Qxh5 Re7 36. Qxb5 Rg7 37. Qe2 Qd7 38. f4 Qe6 39. f5 Qf6 40. Kh3
Qd4 41. Qf3 Qxb2 42. e5 Qxa2 43. Qa8+ Kh7 44. Qe4 Kg8 45. Qa8+ 1-0

[Event "chess.com SpeedChess Q1KO"]
[Site "chess.com INT"]
[Date "2022.11.11"]
[Round "2.6"]
[White "Mamedov, Rauf"]
[Black "Le, Tuan Minh"]
[Result "1-0"]
[WhiteTitle "GM"]
[BlackTitle "IM"]
[WhiteElo "2646"]
[BlackElo "2542"]
[WhiteFideId "13401653"]
[BlackFideId "12401153"]
[EventDate "2022.11.11"]

1. e4 c5 2. Nc3 Nc6 3. Nf3 g6 4. Bb5 Nd4 5. Bc4 Bg7 6. d3 a6 7. a4 e6 8. Nxd4
cxd4 9. Ne2 Ne7 10. Bb3 d5 11. Ng3 h5 12. h4 b6 13. O-O Bb7 14. Re1 Bf6 15. exd5
Nxd5 16. Ne4 Bxh4 17. a5 Be7 18. axb6 Nxb6 19. Qf3 Bd5 20. Bxd5 Nxd5 21. c4 dxc3
22. bxc3 h4 23. c4 Nb4 24. Bb2 Rh5 25. Nf6+ Bxf6 26. Bxf6 Qc8 27. Re5 Rxe5 28.
Bxe5 Qc6 29. Qe2 a5 30. d4 Rc8 31. Rc1 Nd5 32. Qg4 Qa4 33. c5 Qa3 34. Rb1 Nb4
35. Qxh4 Qd3 36. Ra1 Kd7 37. Qf6 Qf5 38. Qh4 Nc6 39. Qg3 Nxe5 40. dxe5 Rxc5 41.
Rd1+ Ke7 42. Qh4+ g5 43. Qh8 Rd5 44. Re1 a4 45. Qb8 g4 46. Qb4+ Ke8 47. Rc1 Qxe5
48. Rc8+ Kd7 49. Qb7+ Kd6 50. Qc7# 1-0

[Event "chess.com SpeedChess Q1KO"]
[Site "chess.com INT"]
[Date "2022.11.11"]
[Round "2.6"]
[White "Paravyan, David"]
[Black "Sarana, Alexey"]
[Result "0-1"]
[WhiteTitle "GM"]
[BlackTitle "GM"]
[WhiteElo "2586"]
[BlackElo "2668"]
[WhiteFideId "4194985"]
[BlackFideId "24133795"]
[EventDate "2022.11.11"]

1. e4 c5 2. Nf3 d6 3. d4 cxd4 4. Nxd4 Nf6 5. Nc3 a6 6. Bg5 e6 7. a3 Be7 8. Qf3
h6 9. Be3 Qc7 10. O-O-O b5 11. e5 Bb7 12. Qg3 dxe5 13. Qxg7 Rg8 14. Ndxb5 axb5
15. Bxb5+ Bc6 16. Qxh6 Qb7 17. Bxc6+ Nxc6 18. Rd2 Rb8 19. Na4 Qb5 20. b3 Ne4 21.
Qh7 Nf6 22. Qh4 Nd5 23. Qh7 Rf8 24. Bh6 Bxa3+ 25. Kd1 Qxa4 26. Rxd5 Qg4+ 27. f3
Qxg2 0-1

[Event "chess.com SpeedChess Q1KO"]
[Site "chess.com INT"]
[Date "2022.11.11"]
[Round "2.7"]
[White "Le, Tuan Minh"]
[Black "Mamedov, Rauf"]
[Result "1-0"]
[WhiteTitle "IM"]
[BlackTitle "GM"]
[WhiteElo "2542"]
[BlackElo "2646"]
[WhiteFideId "12401153"]
[BlackFideId "13401653"]
[EventDate "2022.11.11"]

1. d4 d5 2. Nf3 Nf6 3. Bf4 c5 4. c3 Nc6 5. e3 Nh5 6. Be5 f6 7. Bg3 e6 8. Nbd2 f5
9. Be5 Nf6 10. Bd3 Bd6 11. Bxd6 Qxd6 12. O-O O-O 13. dxc5 Qxc5 14. c4 Kh8 15.
Rc1 Qe7 16. cxd5 Nxd5 17. Bc4 Nb6 18. Bb3 Bd7 19. e4 e5 20. exf5 Bxf5 21. Qe2
Rad8 22. Rfe1 Qb4 23. Ne4 Nd4 24. Nxd4 exd4 25. Qd2 Qxd2 26. Nxd2 Rfe8 27. f3 h5
28. Kf2 g6 29. g3 Rxe1 30. Rxe1 Rd7 31. h3 Bxh3 32. Rh1 Bf5 33. g4 Bd3 34. gxh5
Rh7 35. h6 g5 36. Kg3 Bf5 37. Ne4 Bxe4 38. fxe4 Nd7 39. Kg4 Nf6+ 40. Kf5 Ng8 41.
Kxg5 Ne7 42. e5 Nc6 43. e6 Re7 44. Kf6 Re8 45. Bd5 Rf8+ 46. Kg5 Ne7 47. Be4 b6
48. Rc1 1-0

[Event "chess.com SpeedChess Q1KO"]
[Site "chess.com INT"]
[Date "2022.11.11"]
[Round "2.7"]
[White "Sarana, Alexey"]
[Black "Paravyan, David"]
[Result "0-1"]
[WhiteTitle "GM"]
[BlackTitle "GM"]
[WhiteElo "2668"]
[BlackElo "2586"]
[WhiteFideId "24133795"]
[BlackFideId "4194985"]
[EventDate "2022.11.11"]

1. c4 Nf6 2. Nc3 d5 3. d4 g6 4. Nf3 Bg7 5. h4 O-O 6. cxd5 Nxd5 7. h5 Bg4 8. hxg6
hxg6 9. Bh6 Bxh6 10. Rxh6 Bxf3 11. gxf3 Kg7 12. Qd2 Nxc3 13. bxc3 Nd7 14. Rh4
Rh8 15. Rxh8 Qxh8 16. Qf4 e5 17. dxe5 Re8 18. e6 Rxe6 19. Qxc7 Ne5 20. O-O-O Qh2
21. Qc5 Qf4+ 22. Kc2 Qf5+ 23. e4 Qxf3 24. Qd4 Qf4 25. Rd2 Rf6 26. Re2 Nf3 27.
Qxa7 Ra6 28. Qxb7 Rxa2+ 29. Kb1 Ra5 30. Qb2 Qg5 31. Re3 Ne5 32. c4 Qg1 33. Re1
Qh2 34. Qc3 Ra8 35. Qd4 Kg8 36. c5 Nf3 37. Qd6 Qxd6 38. cxd6 Nxe1 39. Kb2 Rd8
40. e5 Nf3 0-1

[Event "chess.com SpeedChess Q1KO"]
[Site "chess.com INT"]
[Date "2022.11.11"]
[Round "2.8"]
[White "Mamedov, Rauf"]
[Black "Le, Tuan Minh"]
[Result "1/2-1/2"]
[WhiteTitle "GM"]
[BlackTitle "IM"]
[WhiteElo "2646"]
[BlackElo "2542"]
[WhiteFideId "13401653"]
[BlackFideId "12401153"]
[EventDate "2022.11.11"]

1. e4 c5 2. Nc3 Nc6 3. Nf3 e5 4. Bc4 d6 5. d3 Be7 6. h4 h6 7. h5 Nf6 8. Nh4 Bg4
9. f3 Bd7 10. g4 Nd4 11. Nf5 b5 12. Bb3 Kf8 13. Nxd4 cxd4 14. Ne2 Nh7 15. O-O
Bg5 16. f4 exf4 17. Nxf4 Nf6 18. Nd5 Bxg4 19. Qe1 Bxh5 20. Bxg5 hxg5 21. Qg3 Bg6
22. Rf2 Rh4 23. Nxf6 gxf6 24. Raf1 Qd7 25. Rxf6 Rg4 26. Rxf7+ Bxf7 27. Rxf7+
Qxf7 28. Qxg4 Qf4 29. Qd7 Re8 30. Qh7 Qg3+ 31. Kf1 Qf3+ 32. Kg1 Qg3+ 33. Kf1
Qf3+ 34. Ke1 Qe3+ 35. Kf1 Qf3+ 1/2-1/2

[Event "chess.com SpeedChess Q1KO"]
[Site "chess.com INT"]
[Date "2022.11.11"]
[Round "2.8"]
[White "Paravyan, David"]
[Black "Sarana, Alexey"]
[Result "1-0"]
[WhiteTitle "GM"]
[BlackTitle "GM"]
[WhiteElo "2586"]
[BlackElo "2668"]
[WhiteFideId "4194985"]
[BlackFideId "24133795"]
[EventDate "2022.11.11"]

1. e4 c5 2. Nf3 d6 3. d4 Nf6 4. Nc3 cxd4 5. Nxd4 a6 6. Bg5 e6 7. a3 Be7 8. Qf3
h6 9. Be3 Qc7 10. O-O-O b5 11. g4 Nbd7 12. Qg3 Bb7 13. Bg2 Nc5 14. f3 Nfd7 15.
Kb1 Ne5 16. Bc1 Nc4 17. f4 Qb6 18. f5 e5 19. Nb3 b4 20. axb4 Qxb4 21. Nd5 Bxd5
22. Rxd5 Rb8 23. Nxc5 Na3+ 24. Ka2 Nxc2 25. Qb3 Qxb3+ 26. Nxb3 Nb4+ 27. Ka3 Nc2+
28. Ka2 Nb4+ 29. Ka3 Nxd5 30. exd5 Bg5 31. Na5 Kd7 32. Nc6 Rb5 33. b4 e4 34.
Bxe4 Re8 35. Bd3 Rxd5 36. Bc4 Kxc6 37. Bxd5+ Kxd5 38. Bb2 f6 39. h4 Be3 40. Re1
Re4 41. g5 hxg5 42. h5 g4 43. Rd1+ Kc6 44. Re1 d5 45. Re2 Bg5 46. Rg2 Re3+ 47.
Ka4 g3 48. Bd4 Rd3 49. Bc5 d4 50. Bf8 Bh6 51. Rg1 Kd5 52. Ka5 Ra3+ 53. Kb6 d3
54. Rxg3 Bf4 55. Rxg7 Be3+ 56. Kb7 Bd4 57. Rd7+ Ke4 58. Bc5 Be5 59. h6 Ra1 60.
h7 Rh1 61. Kxa6 Kxf5 62. b5 Ke4 63. b6 f5 64. b7 f4 65. Bd4 Bxd4 66. Rxd4+ Kxd4
67. b8=Q Ra1+ 68. Kb7 Rb1+ 69. Kc8 Rxb8+ 70. Kxb8 d2 71. h8=Q+ Kd3 72. Qh5 Ke3
73. Qe5+ Kf3 74. Qd4 Ke2 75. Qe4+ 1-0

[Event "chess.com SpeedChess Q1KO"]
[Site "chess.com INT"]
[Date "2022.11.11"]
[Round "2.9"]
[White "Le, Tuan Minh"]
[Black "Mamedov, Rauf"]
[Result "1-0"]
[WhiteTitle "IM"]
[BlackTitle "GM"]
[WhiteElo "2542"]
[BlackElo "2646"]
[WhiteFideId "12401153"]
[BlackFideId "13401653"]
[EventDate "2022.11.11"]

1. d4 d6 2. e4 Nf6 3. Nc3 g6 4. Nf3 Bg7 5. Bc4 O-O 6. O-O c6 7. Bb3 Bg4 8. h3
Bxf3 9. Qxf3 Nbd7 10. Bg5 e5 11. Rad1 Qe7 12. dxe5 Nxe5 13. Qe3 Ned7 14. Rd2 Nc5
15. Rfd1 h6 16. Bxh6 Nxb3 17. axb3 Bxh6 18. Qxh6 Rad8 19. Qf4 Nh5 20. Qe3 a6 21.
Rd4 Rfe8 22. Qd2 Qh4 23. e5 Qe7 24. exd6 Qf6 25. Ne4 Qe5 26. Ng5 Qf6 27. Nf3 Re6
28. Qg5 Rd7 29. Qxf6 Nxf6 30. c4 c5 31. R4d3 Ne4 32. g3 Rdxd6 33. Rxd6 Nxd6 34.
Ng5 Rf6 35. g4 b5 36. cxb5 Nxb5 37. Rd5 Nd4 38. Rxc5 Nxb3 39. Rc8+ Kg7 40. Rc7
Nd2 41. Kg2 a5 42. Ra7 Nc4 43. b3 Nd2 44. Rb7 Kg8 45. h4 Rf4 46. f3 Rb4 47. Rxf7
Rxb3 48. Ra7 Rb2 49. Kg3 Ra2 50. h5 gxh5 51. gxh5 Nf1+ 52. Kf4 Rh2 53. Kf5 Rxh5
54. Kg6 Rxg5+ 55. Kxg5 Nd2 56. f4 Kf8 57. Rxa5 Nc4 58. Ra8+ Kf7 59. f5 Nd6 60.
Ra7+ Kf8 61. Kg6 Nc8 62. Ra8 1-0

[Event "chess.com SpeedChess Q1KO"]
[Site "chess.com INT"]
[Date "2022.11.11"]
[Round "2.9"]
[White "Sarana, Alexey"]
[Black "Paravyan, David"]
[Result "0-1"]
[WhiteTitle "GM"]
[BlackTitle "GM"]
[WhiteElo "2668"]
[BlackElo "2586"]
[WhiteFideId "24133795"]
[BlackFideId "4194985"]
[EventDate "2022.11.11"]

1. g3 Nf6 2. Bg2 e5 3. b3 d5 4. Bb2 Bd6 5. e3 Nc6 6. Ne2 Bf5 7. h3 h5 8. d3 Qd7
9. Nd2 O-O-O 10. a3 g5 11. b4 a6 12. Nb3 Rhe8 13. Nc3 d4 14. Ne4 Nxe4 15. dxe4
Be6 16. exd4 exd4 17. Qxh5 d3 18. O-O dxc2 19. Nc5 Bxc5 20. bxc5 Nd4 21. Rae1
Rh8 22. Qxg5 Bxh3 23. Bxd4 Bxg2 24. Kxg2 Qh3+ 25. Kf3 Rxd4 26. Rc1 Kb8 27. c6
Qe6 28. Rxc2 Qxe4# 0-1

[Event "chess.com SpeedChess Q1KO"]
[Site "chess.com INT"]
[Date "2022.11.11"]
[Round "2.10"]
[White "Mamedov, Rauf"]
[Black "Le, Tuan Minh"]
[Result "0-1"]
[WhiteTitle "GM"]
[BlackTitle "IM"]
[WhiteElo "2646"]
[BlackElo "2542"]
[WhiteFideId "13401653"]
[BlackFideId "12401153"]
[EventDate "2022.11.11"]

1. e4 c5 2. Nf3 Nf6 3. d3 Nc6 4. g3 g6 5. Bg2 Bg7 6. O-O O-O 7. Nc3 d6 8. Re1
Nd7 9. Ne2 b5 10. c3 b4 11. Be3 bxc3 12. bxc3 Rb8 13. Nf4 Bxc3 14. h4 Nde5 15.
Nxe5 Nxe5 16. Rc1 Bg4 17. Re2 Bd4 18. Bxd4 cxd4 19. Qd2 Bxe2 20. Nxe2 Qb6 21.
Nf4 e6 22. h5 Rfc8 23. Rxc8+ Rxc8 24. Bh3 Nf3+ 0-1

[Event "chess.com SpeedChess Q1KO"]
[Site "chess.com INT"]
[Date "2022.11.11"]
[Round "2.10"]
[White "Paravyan, David"]
[Black "Sarana, Alexey"]
[Result "0-1"]
[WhiteTitle "GM"]
[BlackTitle "GM"]
[WhiteElo "2586"]
[BlackElo "2668"]
[WhiteFideId "4194985"]
[BlackFideId "24133795"]
[EventDate "2022.11.11"]

1. e4 d6 2. d4 Nf6 3. Nc3 Nbd7 4. Nf3 e5 5. h3 c6 6. a4 g6 7. g4 Bg7 8. Be3 Qa5
9. Qd2 O-O 10. dxe5 Nxe5 11. Nxe5 dxe5 12. O-O-O Be6 13. Kb1 Rfd8 14. Bd3 b5 15.
axb5 cxb5 16. Nd5 Qa6 17. Nb4 Qa4 18. g5 Nxe4 19. Qe1 Nd6 20. b3 Bxb3 21. Qc3 e4
22. Bd4 Bxd4 23. Qxd4 Be6 24. Be2 Rac8 25. Kb2 Nc4+ 26. Bxc4 Rxd4 27. c3 Rdxc4
28. Ra1 Rxb4+ 29. cxb4 Qb3# 0-1

[Event "chess.com SpeedChess Q1KO"]
[Site "chess.com INT"]
[Date "2022.11.11"]
[Round "2.11"]
[White "Le, Tuan Minh"]
[Black "Mamedov, Rauf"]
[Result "0-1"]
[WhiteTitle "IM"]
[BlackTitle "GM"]
[WhiteElo "2542"]
[BlackElo "2646"]
[WhiteFideId "12401153"]
[BlackFideId "13401653"]
[EventDate "2022.11.11"]

1. d4 c5 2. c3 cxd4 3. cxd4 d6 4. Nc3 Nf6 5. e4 g6 6. Nf3 Bg7 7. Bc4 O-O 8. Bb3
Bg4 9. h3 Bxf3 10. Qxf3 Nc6 11. Be3 Nd7 12. Rd1 Qb6 13. e5 dxe5 14. dxe5 Ndxe5
15. Qg3 Qb4 16. O-O e6 17. Bd2 Qe7 18. Bg5 Qb4 19. Bd2 Qb6 20. Be3 Qa6 21. Ne4
Nc4 22. Bg5 Nd4 23. Rfe1 Na5 24. Rxd4 Bxd4 25. Nf6+ Bxf6 26. Bxf6 Nxb3 27. Qh4
e5 28. axb3 Rae8 29. Rxe5 Rxe5 30. Bxe5 Re8 31. Bc3 Qd6 32. Qh6 f6 33. f4 b5 34.
f5 Qc5+ 35. Kh1 Qxf5 36. Qd2 Qe6 37. Qd4 a6 38. Qa7 Rd8 39. Qc7 Rd1+ 0-1

[Event "chess.com SpeedChess Q1KO"]
[Site "chess.com INT"]
[Date "2022.11.11"]
[Round "2.11"]
[White "Sarana, Alexey"]
[Black "Paravyan, David"]
[Result "0-1"]
[WhiteTitle "GM"]
[BlackTitle "GM"]
[WhiteElo "2668"]
[BlackElo "2586"]
[WhiteFideId "24133795"]
[BlackFideId "4194985"]
[EventDate "2022.11.11"]

1. Nf3 Nf6 2. c4 g6 3. g3 Bg7 4. Bg2 O-O 5. O-O d5 6. d4 dxc4 7. Na3 c5 8. Nxc4
Be6 9. Nce5 Nc6 10. Nxc6 bxc6 11. dxc5 Qc8 12. Nd4 Bh3 13. Nxc6 Re8 14. Qa4 Bxg2
15. Kxg2 Qb7 16. f3 Rac8 17. Na5 Qa6 18. b4 Qxe2+ 19. Rf2 Qe6 20. Bb2 Nd5 21.
Bxg7 Kxg7 22. Qb3 Red8 23. Kg1 Qf6 24. Re1 e6 25. c6 Nb6 26. b5 Rd4 27. Nb7 h5
28. Nc5 h4 29. Ne4 Qe7 30. gxh4 Qxh4 31. Qc3 e5 32. Ng3 Nd5 33. Qa1 Nf4 34. Rc2
Nh3+ 35. Kg2 Rcd8 36. Qc1 Nf4+ 37. Kh1 Nd3 38. c7 Nxc1 39. cxd8=Q Rxd8 40. Rexc1
Rd3 41. Rg1 Rxf3 42. Re2 Qd4 43. a3 Kh7 44. Kg2 Qd5 45. Ne4 Rf4 46. Rge1 Rxe4
47. Rxe4 f5 0-1

[Event "chess.com SpeedChess Q1KO"]
[Site "chess.com INT"]
[Date "2022.11.11"]
[Round "2.12"]
[White "Mamedov, Rauf"]
[Black "Le, Tuan Minh"]
[Result "1-0"]
[WhiteTitle "GM"]
[BlackTitle "IM"]
[WhiteElo "2646"]
[BlackElo "2542"]
[WhiteFideId "13401653"]
[BlackFideId "12401153"]
[EventDate "2022.11.11"]

1. e4 c5 2. c3 Nf6 3. e5 Nd5 4. Bc4 Nb6 5. Bb3 Nc6 6. d4 cxd4 7. cxd4 d5 8. Bc2
Nb4 9. Nc3 Nxc2+ 10. Qxc2 Bg4 11. Nge2 e6 12. Ng3 g6 13. Qb3 h5 14. h3 Bf5 15.
Nxf5 gxf5 16. a4 Qd7 17. Bg5 Nc4 18. O-O Na5 19. Qb5 Nc6 20. Rfd1 Rg8 21. h4 Be7
22. f4 Rc8 23. Qe2 Bd8 24. Nb5 Bxg5 25. hxg5 Ke7 26. Nd6 Rb8 27. Qxh5 Rh8 28.
Qxf7+ Kd8 29. a5 Kc7 30. Nb5+ Kc8 31. Qf6 Qh7 32. Qxe6+ Kd8 33. Qf6+ Kc8 34.
Qxf5+ Qxf5 35. Nd6+ Kc7 36. Nxf5 Rbf8 37. g4 1-0

[Event "chess.com SpeedChess Q1KO"]
[Site "chess.com INT"]
[Date "2022.11.11"]
[Round "2.13"]
[White "Le, Tuan Minh"]
[Black "Mamedov, Rauf"]
[Result "1-0"]
[WhiteTitle "IM"]
[BlackTitle "GM"]
[WhiteElo "2542"]
[BlackElo "2646"]
[WhiteFideId "12401153"]
[BlackFideId "13401653"]
[EventDate "2022.11.11"]

1. d4 c5 2. c3 cxd4 3. cxd4 d6 4. Nf3 Nf6 5. Nc3 g6 6. e4 Bg7 7. h3 O-O 8. Be2
Nc6 9. O-O d5 10. e5 Ne4 11. Bd3 Bf5 12. Re1 Nxc3 13. bxc3 Bxd3 14. Qxd3 Rc8 15.
h4 e6 16. h5 Qe7 17. Bg5 Qc7 18. Rac1 a6 19. Qe3 Rfe8 20. Bf6 Ne7 21. g4 Bf8 22.
Kg2 Qa5 23. Rh1 Qxa2 24. hxg6 Nxg6 25. Qg5 Qe2 26. Rxh7 Kxh7 27. Rh1+ Kg8 28.
Rh8# 1-0

[Event "chess.com SpeedChess Q1KO"]
[Site "chess.com INT"]
[Date "2022.11.11"]
[Round "3.1"]
[White "Le, Tuan Minh"]
[Black "Paravyan, David"]
[Result "1/2-1/2"]
[WhiteTitle "IM"]
[BlackTitle "GM"]
[WhiteElo "2542"]
[BlackElo "2586"]
[WhiteFideId "12401153"]
[BlackFideId "4194985"]
[EventDate "2022.11.11"]

1. d4 Nf6 2. c4 g6 3. Nc3 d5 4. cxd5 Nxd5 5. e4 Nxc3 6. bxc3 Bg7 7. Nf3 c5 8.
Bb5+ Bd7 9. Be2 Bg4 10. Be3 Nc6 11. e5 cxd4 12. cxd4 Qa5+ 13. Qd2 Qxd2+ 14. Nxd2
Bxe2 15. Kxe2 O-O-O 16. Rhc1 Kb8 17. Nb3 Rd5 18. Rab1 Rc8 19. Rc5 Rxc5 20. Nxc5
b6 21. f4 Rd8 22. Kd3 Bf8 23. Ke4 e6 24. Nd3 Ne7 25. g4 Nd5 26. Bd2 Be7 27. f5
gxf5+ 28. gxf5 Rg8 29. fxe6 fxe6 30. Nf4 Nxf4 31. Bxf4 Kb7 32. d5 exd5+ 33. Kxd5
Rg2 34. e6 Rxa2 35. Rg1 Ra5+ 36. Ke4 Kc6 37. Rd1 Ra4+ 38. Kf5 Ra5+ 39. Ke4 Ra4+
40. Kf5 Ra5+ 41. Ke4 1/2-1/2

[Event "chess.com SpeedChess Q1KO"]
[Site "chess.com INT"]
[Date "2022.11.11"]
[Round "3.2"]
[White "Paravyan, David"]
[Black "Le, Tuan Minh"]
[Result "1-0"]
[WhiteTitle "GM"]
[BlackTitle "IM"]
[WhiteElo "2586"]
[BlackElo "2542"]
[WhiteFideId "4194985"]
[BlackFideId "12401153"]
[EventDate "2022.11.11"]

1. e4 c5 2. Nf3 Nf6 3. Nc3 d5 4. exd5 Nxd5 5. Bb5+ Bd7 6. Ne5 Nf6 7. Qf3 Qc8 8.
d3 a6 9. Bc4 e6 10. Bg5 Be7 11. Ne4 Bc6 12. Nxc6 Qxc6 13. Bxf6 gxf6 14. Nxf6+
Bxf6 15. Qxf6 Rg8 16. O-O-O Nd7 17. Qh4 Qxg2 18. f4 Qg4 19. Qxh7 Nf6 20. Qh6 Ke7
21. f5 Qxf5 22. Kb1 b5 23. Bb3 Rad8 24. Qd2 Qe5 25. Rde1 Qd4 26. Qa5 Qd6 27.
Rhf1 Rg4 28. h3 Rd4 29. a3 c4 30. dxc4 bxc4 31. Ba4 Nd5 32. c3 Rd2 33. Rd1 Qb6
34. Qxb6 Nxb6 35. Bc2 Rxd1+ 36. Bxd1 f5 37. h4 Nd5 38. Be2 Rb8 39. Kc1 a5 40. h5
Rg8 41. Rh1 Ne3 42. h6 Rh8 43. h7 f4 44. Kd2 Kf6 45. Bf3 Kf5 46. Ke2 e5 47. Rh5+
Kf6 48. Be4 Ke6 49. Rh6+ Kf7 50. Ra6 Rb8 51. Kf3 Kg7 52. Rxa5 Nd1 53. Rxe5 Nxb2
54. Kxf4 Na4 55. Re7+ Kh8 56. Rc7 Nxc3 57. Rxc4 Nxe4 58. Kxe4 Ra8 59. a4 Kxh7
60. Kd5 Kg7 61. Kc6 Kf7 62. Kb7 Rh8 63. Re4 Rh1 64. a5 Rb1+ 65. Ka7 Kf6 66. a6
Kf5 67. Re7 Kf6 68. Re2 Kf7 69. Ka8 Kf8 70. a7 Kf7 71. Rh2 Ke7 72. Rh8 Kd7 73.
Rb8 Ra1 74. Kb7 Rb1+ 75. Ka6 Ra1+ 76. Kb6 1-0

[Event "chess.com SpeedChess Q1KO"]
[Site "chess.com INT"]
[Date "2022.11.11"]
[Round "3.3"]
[White "Le, Tuan Minh"]
[Black "Paravyan, David"]
[Result "1-0"]
[WhiteTitle "IM"]
[BlackTitle "GM"]
[WhiteElo "2542"]
[BlackElo "2586"]
[WhiteFideId "12401153"]
[BlackFideId "4194985"]
[EventDate "2022.11.11"]

1. d4 Nf6 2. Nf3 g6 3. Bg5 Bg7 4. Nbd2 h6 5. Bh4 c5 6. c3 cxd4 7. cxd4 Nc6 8. e3
d6 9. Be2 g5 10. Bg3 Nh5 11. O-O Nxg3 12. hxg3 O-O 13. Rc1 e5 14. dxe5 dxe5 15.
Ne4 Qb6 16. Bc4 Bf5 17. Nfd2 Rad8 18. Qb3 Na5 19. Qxb6 axb6 20. f3 Nxc4 21. Nxc4
Be6 22. g4 b5 23. Ncd6 Bxa2 24. Nxb5 Bd5 25. Nbd6 h5 26. Rfd1 Bxe4 27. Nxe4 hxg4
28. fxg4 Rxd1+ 29. Rxd1 Ra8 30. Rd7 Ra4 31. Nd6 Rxg4 32. Rxb7 Bf8 33. Nxf7 Re4
34. Nxg5 Rc4 35. Rb8 Rc6 36. Nf3 Kg7 37. Nxe5 Rc2 38. Rb7+ Kg8 39. Ng4 Bd6 40.
Kf1 Bg3 41. b4 Kf8 42. b5 Rc4 43. Nf6 Rc2 44. Nd7+ Ke7 45. Nc5+ Ke8 46. Ne4 Be5
47. b6 Rb2 48. g4 Rb4 49. Nc5 Rxg4 50. Nd3 Bd6 51. Rh7 Rb4 52. Nxb4 1-0

[Event "chess.com SpeedChess Q1KO"]
[Site "chess.com INT"]
[Date "2022.11.11"]
[Round "3.4"]
[White "Paravyan, David"]
[Black "Le, Tuan Minh"]
[Result "1/2-1/2"]
[WhiteTitle "GM"]
[BlackTitle "IM"]
[WhiteElo "2586"]
[BlackElo "2542"]
[WhiteFideId "4194985"]
[BlackFideId "12401153"]
[EventDate "2022.11.11"]

1. e4 c5 2. Nf3 Nf6 3. Nc3 d5 4. exd5 Nxd5 5. Bb5+ Bd7 6. Ne5 Nf6 7. Qf3 Qc8 8.
d3 Bxb5 9. Nxb5 a6 10. Nc3 Nbd7 11. Bf4 e6 12. O-O-O Bd6 13. Nxd7 Bxf4+ 14. Qxf4
Qxd7 15. Ne4 Nxe4 16. dxe4 Qe7 17. Rd3 O-O 18. Rhd1 Rad8 19. h4 h6 20. e5 Rxd3
21. Rxd3 b5 22. Rd6 Qb7 23. Qf3 Qa7 24. Qe3 Rc8 25. f3 a5 26. g4 Qb7 27. Qe4 Qe7
28. h5 c4 29. f4 Qh4 30. f5 exf5 31. Qxf5 Re8 32. Rd1 b4 33. e6 fxe6 34. Qxa5 b3
35. axb3 cxb3 36. cxb3 Qxg4 37. Rd8 Rxd8 38. Qxd8+ Kf7 39. Qc7+ Kf6 40. Qc3+ e5
41. b4 Qxh5 42. b5 Qh1+ 43. Kc2 Ke6 44. Qc8+ Kd6 45. b4 Qe4+ 46. Kb3 Qd5+ 47.
Ka3 Qxb5 48. Qf8+ Kd5 49. Qxg7 Qa6+ 50. Kb3 Qc4+ 51. Ka4 Qa2+ 52. Kb5 Qc4+ 53.
Ka4 Qa6+ 54. Kb3 e4 55. Qd7+ Qd6 56. Qf5+ Kd4 57. Qf2+ e3 58. Qb2+ Ke4 59. Qg2+
Kd4 60. Qb2+ Kd5 61. Qg2+ Kd4 62. Qb2+ 1/2-1/2

[Event "chess.com SpeedChess Q1KO"]
[Site "chess.com INT"]
[Date "2022.11.11"]
[Round "3.5"]
[White "Le, Tuan Minh"]
[Black "Paravyan, David"]
[Result "1-0"]
[WhiteTitle "IM"]
[BlackTitle "GM"]
[WhiteElo "2542"]
[BlackElo "2586"]
[WhiteFideId "12401153"]
[BlackFideId "4194985"]
[EventDate "2022.11.11"]

1. d4 Nf6 2. Nf3 g6 3. Bg5 Bg7 4. Nbd2 h6 5. Bh4 c5 6. Bxf6 Bxf6 7. Ne4 Bxd4 8.
Nxd4 cxd4 9. Qxd4 O-O 10. Qd2 d5 11. O-O-O Qb6 12. Nc3 Qxf2 13. Nxd5 Nc6 14.
Qxh6 Be6 15. Qf4 Qc5 16. e4 Nb4 17. Nxb4 Qxb4 18. Bd3 Rac8 19. h4 Rc5 20. h5 g5
21. Qd2 Qa4 22. a3 Rfc8 23. Kb1 Qd4 24. h6 Kh8 25. h7 a5 26. c3 Qd6 27. a4 Bb3
28. Bc2 Qxd2 29. Rxd2 Be6 30. Rd4 Kg7 31. Kc1 Rh8 32. Kd2 Rxh7 33. Rxh7+ Kxh7
34. b4 axb4 35. cxb4 Rc8 36. a5 Kg7 37. e5 f6 38. exf6+ Kxf6 39. Bd3 Ke5 40.
Re4+ Kd6 41. b5 Bd5 42. Rg4 Rg8 43. Ke3 e5 44. Be4 Be6 45. Rg3 Kc5 46. Bxb7 Kxb5
47. a6 Kb6 48. Ke4 Bc4 49. Kxe5 g4 50. Kf4 Rf8+ 51. Kxg4 Be6+ 52. Kh4 Rh8+ 53.
Kg5 Rg8+ 54. Kf4 Rf8+ 55. Ke5 Bc4 56. Rg6+ Ka7 57. g4 Re8+ 58. Kd4 Be2 59. g5
Rd8+ 60. Ke3 Bd3 61. Rg7 Kb6 62. Be4 Bxa6 63. g6 Bc4 64. Kf4 Kc5 65. Rc7+ Kd4
66. Bf5 Rf8 67. g7 Rd8 68. Kg5 Bd5 69. Bh7 Ke5 70. Re7+ Kd6 71. Re1 Rb8 72. Kf6
Rb2 73. Rd1 Rf2+ 74. Bf5 Rg2 75. Be4 Rf2+ 76. Kg6 Ke5 77. Bxd5 Rf4 78. g8=Q Rg4+
79. Kf7 Rf4+ 80. Ke7 Rg4 81. Qe6+ 1-0

[Event "chess.com SpeedChess Q1KO"]
[Site "chess.com INT"]
[Date "2022.11.11"]
[Round "3.6"]
[White "Paravyan, David"]
[Black "Le, Tuan Minh"]
[Result "1-0"]
[WhiteTitle "GM"]
[BlackTitle "IM"]
[WhiteElo "2586"]
[BlackElo "2542"]
[WhiteFideId "4194985"]
[BlackFideId "12401153"]
[EventDate "2022.11.11"]

1. e4 c5 2. Nf3 Nf6 3. Nc3 d5 4. exd5 Nxd5 5. Bb5+ Bd7 6. Ne5 Nf6 7. Qf3 Qc8 8.
d3 Bxb5 9. Nxb5 a6 10. Nc3 Nbd7 11. Nxd7 Qxd7 12. Bg5 Rc8 13. Bxf6 gxf6 14.
O-O-O f5 15. Kb1 Bg7 16. Nd5 e6 17. Nb6 Qb5 18. Nc4 Rd8 19. g4 fxg4 20. Qxg4 Bf6
21. f4 Rd4 22. c3 Rd5 23. Rhe1 Kf8 24. Ne5 Rg8 25. Qh3 Qa4 26. Nxf7 Rg2 1-0